[Event "4NCL Division 1 & 2"]
[Site "Daventry, ENG"]
[Date "2022.05.01"]
[Round "8.68"]
[White "Lentzos, Ioanis"]
[Black "Vijayakumar, Rishi"]
[Result "1-0"]
[WhiteElo "2152"]
[BlackElo "1800"]
[PlyCount "50"]
[EventDate "2022.05.01"]
[WhiteTeam "The Sharks 1"]
[BlackTeam "Alba"]

1. c4 e5 2. Nc3 Nf6 3. Nf3 Nc6 4. e3 Bb4 5. Qc2 Bxc3 6. bxc3 e4 7. Ng5 Qe7 8.
f3 exf3 9. Nxf3 Ne4 10. d3 Nc5 11. Be2 h6 12. O-O O-O 13. Nd4 Nxd4 14. cxd4 Ne6
15. Bb2 Qg5 16. Rf3 d5 17. Rg3 Qd8 18. cxd5 Qxd5 19. e4 Qd6 20. d5 Ng5 21. Qc3
f6 22. Ba3 c5 23. dxc6 Qc7 24. Bxf8 Kxf8 25. Rc1 Ke8 1-0

[Event "4NCL Division 1 & 2"]
[Site "Daventry, ENG"]
[Date "2022.05.01"]
[Round "8.71"]
[White "Ratnesan, Ranesh"]
[Black "Gormally, Daniel W"]
[Result "1/2-1/2"]
[WhiteElo "2268"]
[BlackElo "2471"]
[PlyCount "21"]
[EventDate "2022.05.01"]
[WhiteTeam "KJCA Kings"]
[BlackTeam "Blackthorne"]

1. d4 Nf6 2. c4 c5 3. d5 b5 4. a4 bxc4 5. Nc3 g6 6. e4 d6 7. h3 Bg7 8. Nf3 O-O
9. Bxc4 Nfd7 10. Bb5 a6 11. Ng1 1/2-1/2

[Event "4NCL Division 1 & 2"]
[Site "Daventry, ENG"]
[Date "2022.05.01"]
[Round "8.72"]
[White "Ansell, Simon T"]
[Black "Harakis, Alexis M"]
[Result "1/2-1/2"]
[WhiteElo "2449"]
[BlackElo "2283"]
[PlyCount "46"]
[EventDate "2022.05.01"]
[WhiteTeam "Blackthorne"]
[BlackTeam "KJCA Kings"]

1. e4 e6 2. d4 d5 3. e5 c5 4. c3 Nc6 5. Nf3 Bd7 6. Be2 Nge7 7. Na3 cxd4 8. cxd4
Nf5 9. Nc2 Qb6 10. O-O Be7 11. g4 Nh4 12. Nxh4 Bxh4 13. b3 Be7 14. Be3 Nb4 15.
Nxb4 Bxb4 16. Rc1 O-O 17. a4 Rac8 18. Qd3 Ba3 19. Rb1 Rc7 20. Bd2 a5 21. f4 f6
22. exf6 Rxf6 23. Rbe1 Bb4 1/2-1/2

[Event "4NCL Division 1 & 2"]
[Site "Daventry, ENG"]
[Date "2022.05.01"]
[Round "8.73"]
[White "Merriman, John"]
[Black "Bates, Richard A"]
[Result "1/2-1/2"]
[WhiteElo "2290"]
[BlackElo "2381"]
[PlyCount "110"]
[EventDate "2022.05.01"]
[WhiteTeam "KJCA Kings"]
[BlackTeam "Blackthorne"]

1. d4 Nf6 2. c4 e6 3. Nc3 Bb4 4. e3 O-O 5. Nge2 Re8 6. a3 Bf8 7. Ng3 d5 8. Bd3
c5 9. O-O Nc6 10. dxc5 Bxc5 11. Qc2 dxc4 12. Bxc4 Bd7 13. b4 Bf8 14. Rd1 Ne5
15. Be2 Qc7 16. Qb3 Rac8 17. Nb5 Qb8 18. f4 Ng6 19. Bb2 a6 20. Bxf6 Bxb5 21.
Bxb5 axb5 22. Bb2 Rc4 23. Ne2 Qc8 24. Rf1 Qc6 25. Rf2 Rc8 26. Rd1 Qe4 27. Rd3
Rc2 28. Bd4 Rxe2 29. Rxe2 Nxf4 30. exf4 Qxe2 31. Qd1 Qxd1+ 32. Rxd1 Rd8 33. Kf2
g6 34. Ke3 Bh6 35. Rf1 Rd5 36. Bb2 g5 37. g3 gxf4+ 38. gxf4 Rf5 39. Ke4 Kf8 40.
Be5 f6 41. Bd6+ Ke8 42. Rd1 Rh5 43. Bc7 Rxh2 44. Rd8+ Kf7 45. Rb8 Rd2 46. Rxb7
f5+ 47. Ke3 Rd7 48. Ra7 e5 49. a4 Bxf4+ 50. Kf3 Ke6 51. axb5 Rd3+ 52. Ke2 Re3+
53. Kf1 Rf3+ 54. Ke2 Re3+ 55. Kd1 Rc3 1/2-1/2

[Event "4NCL Division 1 & 2"]
[Site "Daventry, ENG"]
[Date "2022.05.01"]
[Round "8.74"]
[White "Ledger, Andrew J"]
[Black "Young, Daniel J"]
[Result "0-1"]
[WhiteElo "2388"]
[BlackElo "1948"]
[PlyCount "80"]
[EventDate "2022.05.01"]
[WhiteTeam "Blackthorne"]
[BlackTeam "KJCA Kings"]

1. e4 c6 2. d4 d5 3. e5 c5 4. dxc5 e6 5. Nf3 Bxc5 6. Bd3 Nc6 7. O-O f6 8. exf6
Nxf6 9. a3 O-O 10. b4 Bd6 11. c4 Kh8 12. Bb2 dxc4 13. Bxc4 e5 14. Ng5 e4 15. h3
Qe7 16. Re1 Bf5 17. Nd2 Rad8 18. Qe2 Rde8 19. Bxf6 Qxf6 20. Nf7+ Rxf7 21. Bxf7
Qxf7 22. Qc4 Qf6 23. Rad1 Qe5 24. Nf3 Qf4 25. Re3 Bg6 26. g3 Qf6 27. Nh4 Bf7
28. Qb5 g5 29. Nf5 Be5 30. Qxb7 Qxf5 31. Qxc6 Bg7 32. Rd7 Bg6 33. g4 Qe5 34.
Re1 Rf8 35. Qb7 Qc3 36. Re3 Qa1+ 37. Kg2 Qf6 38. f3 Qb2+ 39. Kf1 Qc1+ 40. Kf2
Qb2+ 0-1

[Event "4NCL Division 1 & 2"]
[Site "Daventry, ENG"]
[Date "2022.05.01"]
[Round "8.75"]
[White "Bansal, Rohan"]
[Black "Duncan, Chris R"]
[Result "1/2-1/2"]
[WhiteElo "1957"]
[BlackElo "2273"]
[PlyCount "29"]
[EventDate "2022.05.01"]
[WhiteTeam "KJCA Kings"]
[BlackTeam "Blackthorne"]

1. d4 d5 2. c4 c6 3. cxd5 cxd5 4. Bf4 Nc6 5. e3 Nf6 6. Nc3 Bf5 7. Qb3 Na5 8.
Qa4+ Bd7 9. Qc2 e6 10. Bd3 Be7 11. Nf3 Rc8 12. O-O O-O 13. Ne5 Nc6 14. Qe2 a6
15. Nb1 1/2-1/2

[Event "4NCL Division 1 & 2"]
[Site "Daventry, ENG"]
[Date "2022.05.01"]
[Round "8.76"]
[White "Webb, Laurence E"]
[Black "Skettos, Nicolas"]
[Result "1-0"]
[WhiteElo "2277"]
[BlackElo "1929"]
[PlyCount "123"]
[EventDate "2022.05.01"]
[WhiteTeam "Blackthorne"]
[BlackTeam "KJCA Kings"]

1. b3 e5 2. Bb2 Nc6 3. e3 Nf6 4. Bb5 Bd6 5. Na3 Na5 6. Be2 c6 7. c4 O-O 8. Nc2
b6 9. d4 e4 10. Nh3 Bc7 11. d5 Qe7 12. Nf4 Be5 13. Bxe5 Qxe5 14. Qd4 Qxd4 15.
Nxd4 c5 16. Nf5 Nb7 17. g4 d6 18. Ne7+ Kh8 19. g5 Ng8 20. Nxc8 Raxc8 21. Bg4
Rce8 22. h4 Re5 23. Ke2 Ne7 24. Rag1 a5 25. Bd7 g6 26. h5 Kg7 27. Rh4 Nf5 28.
Rh3 Ne7 29. Rh2 Nd8 30. Rg4 Nf5 31. Bxf5 Rxf5 32. Nh3 Re5 33. Rf4 Nb7 34. Rh1
Ra8 35. Rb1 Ree8 36. Kd2 Re5 37. Kc3 Re7 38. Rg4 Re5 39. Nf4 Rf5 40. Kb2 Re8
41. Ka3 Kf8 42. Ka4 gxh5 43. Rh4 Rxg5 44. Rbh1 Ke7 45. Rxh5 Rxh5 46. Rxh5 Rg8
47. Kb5 Rg1 48. Kxb6 Nd8 49. Kc7 Rg7 50. Rh4 f5 51. Rh6 Nf7 52. Re6+ Kf8 53.
Kd7 Rg1 54. Rf6 Kg8 55. Ke7 Ne5 56. Kxd6 Nd3 57. Rxf5 Ra1 58. Ke7 Nb4 59. Rg5+
Kh8 60. Nh5 h6 61. Rg2 Rxa2 62. Nf6 1-0

[Event "4NCL Division 1 & 2"]
[Site "Daventry, ENG"]
[Date "2022.05.01"]
[Round "8.77"]
[White "Merriman, James"]
[Black "Nelson, Jonathan P"]
[Result "1/2-1/2"]
[WhiteElo "1913"]
[BlackElo "2253"]
[PlyCount "81"]
[EventDate "2022.05.01"]
[WhiteTeam "KJCA Kings"]
[BlackTeam "Blackthorne"]

1. d4 d6 2. c4 Nd7 3. Nc3 e5 4. e4 Ngf6 5. Nge2 Be7 6. g3 O-O 7. Bg2 c6 8. O-O
a6 9. a4 a5 10. h3 exd4 11. Nxd4 Nc5 12. b3 Re8 13. Re1 Bf8 14. Bb2 g6 15. Qc2
Bg7 16. Rad1 Qb6 17. Kh1 Bd7 18. Bc1 Rad8 19. Be3 Bc8 20. Rd2 Qc7 21. f4 Qe7
22. Bf2 Nh5 23. Kh2 Qf8 24. Bf3 Nf6 25. Rde2 Na6 26. Na2 Nd7 27. Qd2 Ndc5 28.
Nc1 Nb4 29. Nc2 f5 30. exf5 Rxe2 31. Rxe2 Nxc2 32. Qxc2 Qxf5 33. Qxf5 Bxf5 34.
g4 Bc8 35. Bh4 Rf8 36. Be7 Rxf4 37. Bxd6 Rxf3 38. Bxc5 Rc3 39. Re8+ Kf7 40.
Rxc8 Kf6 41. Re8 1/2-1/2

[Event "4NCL Division 1 & 2"]
[Site "Daventry, ENG"]
[Date "2022.05.01"]
[Round "8.78"]
[White "Varney, Zoe"]
[Black "Verma, Shlok"]
[Result "1/2-1/2"]
[WhiteElo "2061"]
[BlackElo "1831"]
[PlyCount "80"]
[EventDate "2022.05.01"]
[WhiteTeam "Blackthorne"]
[BlackTeam "KJCA Kings"]

1. e4 e6 2. d4 d5 3. Bd3 dxe4 4. Bxe4 Nf6 5. Bf3 c5 6. Ne2 Be7 7. Nbc3 a6 8.
Be3 cxd4 9. Nxd4 Qc7 10. O-O O-O 11. Ne4 e5 12. Nxf6+ Bxf6 13. Ne2 Be6 14. Nc3
Rd8 15. Nd5 Bxd5 16. Bxd5 Nc6 17. Qf3 Nd4 18. Bxd4 exd4 19. Bxb7 Rab8 20. Be4
Be5 21. g3 Rxb2 22. Qd3 g6 23. f4 Bg7 24. f5 Rb6 25. Rab1 Rxb1 26. Rxb1 Qd6 27.
Rb7 Qc5 28. fxg6 hxg6 29. Qb3 Rf8 30. Kg2 Qe5 31. Bd3 Qe3 32. Bxa6 Qd2+ 33. Kg1
Qe1+ 34. Bf1 Bh6 35. Qf3 Be3+ 36. Kg2 Qd2+ 37. Qe2 Qc3 38. Qc4 Qd2+ 39. Qe2 Qc3
40. Qc4 Qd2+ 1/2-1/2

[Event "4NCL Division 1 & 2"]
[Site "Daventry, ENG"]
[Date "2022.05.01"]
[Round "8.81"]
[White "Jones, Steven A"]
[Black "Reimanis, Ritvars"]
[Result "1/2-1/2"]
[WhiteElo "2246"]
[BlackElo "2515"]
[PlyCount "99"]
[EventDate "2022.05.01"]
[WhiteTeam "West is Best 1"]
[BlackTeam "Celtic Tigers 1"]

1. e4 e5 2. Nf3 Nc6 3. Bc4 Bc5 4. b4 Bxb4 5. c3 Ba5 6. d4 exd4 7. O-O Nge7 8.
cxd4 d5 9. exd5 Nxd5 10. Qb3 Nce7 11. Ba3 c6 12. Bxe7 Kxe7 13. Nbd2 Bxd2 14.
Nxd2 b5 15. Bd3 Be6 16. Ne4 Re8 17. Rac1 Qb6 18. Nc5 Kf8 19. Rfe1 Kg8 20. Bb1
Rad8 21. Nxe6 fxe6 22. Qh3 Nf6 23. Rxe6 Qxd4 24. Rce1 h6 25. Qf5 Qd5 26. Rxe8+
Rxe8 27. Rxe8+ Nxe8 28. Qh7+ Kf8 29. g3 c5 30. Bd3 c4 31. Be2 b4 32. Qc2 c3 33.
Bd3 Nf6 34. Qe2 Nd7 35. Bc4 Qd6 36. Qf3+ Ke7 37. Bb3 Qd4 38. Qf7+ Kd8 39. Ba4
a5 40. Qe6 Kc7 41. Qc6+ Kd8 42. Qa8+ Ke7 43. Qxa5 Ne5 44. Qa8 Qc5 45. Qe8+ Kf6
46. Qd8+ Kf5 47. Bc2+ Ke6 48. Bb3+ Kf5 49. Bc2+ Ke6 50. Bb3+ 1/2-1/2

[Event "4NCL Division 1 & 2"]
[Site "Daventry, ENG"]
[Date "2022.05.01"]
[Round "8.82"]
[White "Cyfka, Karina"]
[Black "Cooper, John G"]
[Result "1/2-1/2"]
[WhiteElo "2403"]
[BlackElo "2241"]
[PlyCount "25"]
[EventDate "2022.05.01"]
[WhiteTeam "Celtic Tigers 1"]
[BlackTeam "West is Best 1"]

1. d4 Nf6 2. c4 g6 3. Nc3 Bg7 4. e4 d6 5. Bd3 O-O 6. Nge2 c5 7. d5 e6 8. O-O
Ng4 9. h3 Ne5 10. f4 Nxd3 11. Qxd3 exd5 12. exd5 f5 13. b3 1/2-1/2

[Event "4NCL Division 1 & 2"]
[Site "Daventry, ENG"]
[Date "2022.05.01"]
[Round "8.83"]
[White "Blackburn, Jonathan L B"]
[Black "Pein, Malcolm"]
[Result "1/2-1/2"]
[WhiteElo "2215"]
[BlackElo "2310"]
[PlyCount "43"]
[EventDate "2022.05.01"]
[WhiteTeam "West is Best 1"]
[BlackTeam "Celtic Tigers 1"]

1. d4 Nf6 2. c4 e6 3. Nc3 d5 4. Bg5 Be7 5. e3 O-O 6. cxd5 exd5 7. Bd3 Nbd7 8.
Nge2 Re8 9. Rc1 c6 10. Ng3 g6 11. h4 h5 12. Qc2 Nf8 13. Nce2 Ng4 14. Bxe7 Qxe7
15. Ng1 Qd6 16. N3e2 Ne6 17. Nf3 Ng7 18. Qc5 Qf6 19. Qb4 Re7 20. Ng3 a5 21. Qa3
Re8 22. O-O 1/2-1/2

[Event "4NCL Division 1 & 2"]
[Site "Daventry, ENG"]
[Date "2022.05.01"]
[Round "8.84"]
[White "Pein, Jonathan"]
[Black "Kett, Tim"]
[Result "1/2-1/2"]
[WhiteElo "2245"]
[BlackElo "2168"]
[PlyCount "37"]
[EventDate "2022.05.01"]
[WhiteTeam "Celtic Tigers 1"]
[BlackTeam "West is Best 1"]

1. Nf3 Nf6 2. g3 g6 3. b3 Bg7 4. Bb2 O-O 5. Bg2 d6 6. d4 a5 7. c4 a4 8. O-O
axb3 9. axb3 Rxa1 10. Bxa1 c6 11. Nc3 Bg4 12. h3 Bxf3 13. Bxf3 d5 14. e3 e6 15.
Qd2 Ne8 16. Rb1 f5 17. b4 Nd6 18. cxd5 cxd5 19. b5 1/2-1/2

[Event "4NCL Division 1 & 2"]
[Site "Daventry, ENG"]
[Date "2022.05.01"]
[Round "8.85"]
[White "Macfarlane, Donald"]
[Black "Gallana, Marco"]
[Result "1/2-1/2"]
[WhiteElo "2200"]
[BlackElo "2281"]
[PlyCount "66"]
[EventDate "2022.05.01"]
[WhiteTeam "West is Best 1"]
[BlackTeam "Celtic Tigers 1"]

1. e4 c5 2. Nf3 Nc6 3. Bb5 e5 4. O-O Bd6 5. a4 Nf6 6. Nc3 O-O 7. Bc4 Be7 8. d3
d6 9. h3 h6 10. Nh2 Nh7 11. f4 exf4 12. Bxf4 Bg5 13. Nd5 Bxf4 14. Rxf4 Ne5 15.
Ba2 Be6 16. Nf1 Qg5 17. h4 Qd8 18. h5 Ng5 19. Nfe3 Kh8 20. Nf5 Rc8 21. Qd2 c4
22. Nfe7 Bxd5 23. Nxd5 cxd3 24. cxd3 Ne6 25. Rff1 Qh4 26. Ne3 Nd4 27. Nf5 Nxf5
28. Rxf5 Rc7 29. d4 Qxe4 30. Bb1 Qd5 31. Ba2 Qe4 32. Bb1 Qd5 33. Ba2 Qe4
1/2-1/2

[Event "4NCL Division 1 & 2"]
[Site "Daventry, ENG"]
[Date "2022.05.01"]
[Round "8.86"]
[White "Zulfic, Fedja"]
[Black "Zeidler, Sven P."]
[Result "0-1"]
[WhiteElo "2221"]
[BlackElo "2157"]
[PlyCount "150"]
[EventDate "2022.05.01"]
[WhiteTeam "Celtic Tigers 1"]
[BlackTeam "West is Best 1"]

1. e4 Nc6 2. Nc3 Nf6 3. d4 d5 4. e5 Nd7 5. Be2 Nb6 6. f4 f6 7. Nf3 Bg4 8. h3
Bxf3 9. Bxf3 e6 10. O-O Be7 11. f5 O-O 12. fxe6 fxe5 13. dxe5 Nxe5 14. Kh1 c6
15. a4 Qd6 16. Be3 Bd8 17. Ne4 Qxe6 18. Nc5 Qe7 19. Bg1 Nxf3 20. Rxf3 Rxf3 21.
Qxf3 Nc4 22. Nd3 Nd2 23. Qg4 Ne4 24. Re1 Bb6 25. Bxb6 axb6 26. Rf1 h5 27. Qg6
h4 28. Kh2 Rxa4 29. Rf4 Ra1 30. Qg4 Ng3 31. Qxh4 Qxh4 32. Rxh4 Nf1+ 33. Kg1
Ne3+ 34. Kf2 Nxc2 35. Ke2 c5 36. Kd2 Nd4 37. Rh5 Rg1 38. Nf4 Rf1 39. Nxd5 Rf2+
40. Kc3 Rc2+ 41. Kd3 Rxb2 42. Re5 Nc6 43. Re8+ Kf7 44. Rc8 Nb4+ 45. Nxb4 Rxb4
46. Rc7+ Kf6 47. Kc3 Rd4 48. Rxb7 Rd6 49. h4 g6 50. g4 Ke5 51. Rg7 Kf4 52. h5
Kg5 53. Rg8 Kh6 54. Rh8+ Kg7 55. Rb8 gxh5 56. gxh5 Kh6 57. Rh8+ Kg5 58. Kc4 Rh6
59. Rd8 Kxh5 60. Rd1 Kg5 61. Rd5+ Kf4 62. Rd8 Ke3 63. Rd3+ Ke2 64. Rd8 Rh4+ 65.
Kc3 b5 66. Rd5 b4+ 67. Kb3 Rh3+ 68. Kb2 c4 69. Re5+ Kd2 70. Rg5 c3+ 71. Ka1 Kc2
72. Rg2+ Kb3 73. Rg1 Rd3 74. Kb1 c2+ 75. Kc1 Rd1+ 0-1

[Event "4NCL Division 1 & 2"]
[Site "Daventry, ENG"]
[Date "2022.05.01"]
[Round "8.87"]
[White "Bullen, Alex"]
[Black "Quinn, John M"]
[Result "0-1"]
[WhiteElo "2079"]
[BlackElo "2201"]
[PlyCount "224"]
[EventDate "2022.05.01"]
[WhiteTeam "West is Best 1"]
[BlackTeam "Celtic Tigers 1"]

1. e4 c5 2. Nf3 e6 3. d4 cxd4 4. Nxd4 Nc6 5. Nc3 Qc7 6. Be3 a6 7. g4 b5 8. Nxc6
Qxc6 9. Qd2 Nf6 10. f3 d6 11. g5 Nd7 12. O-O-O Ne5 13. Be2 Bb7 14. Bd4 b4 15.
Nb1 Rc8 16. f4 Nc4 17. Bxc4 Qxc4 18. b3 Qc7 19. Rhe1 h6 20. g6 f6 21. e5 dxe5
22. fxe5 f5 23. Bb6 Qe7 24. Qd3 Bd5 25. Qxa6 Qd7 26. Kb2 Qc6 27. Qa4 Be7 28.
Qxc6+ Rxc6 29. Be3 O-O 30. c4 bxc3+ 31. Nxc3 Bf3 32. Rd7 Bb4 33. Bd2 Rfc8 34.
Rc1 Bh5 35. a3 Bf8 36. b4 Bxg6 37. b5 Rc4 38. Kb3 Be8 39. Rb7 f4 40. Ne2 Rxc1
41. Nxc1 f3 42. Be3 Rxc1 43. Rb8 Re1 44. Bd4 Rd1 45. Bf2 Rb1+ 46. Kc4 Bxb5+ 47.
Rxb5 Rxb5 48. Kxb5 Bxa3 49. Kc4 Bb2 50. Kd3 Bxe5 51. h3 Kf7 52. Ke4 Kf6 53.
Kxf3 Kf5 54. Be3 g5 55. Bd2 Bf4 56. Be1 h5 57. Kg2 Ke4 58. Bf2 g4 59. Be1 Ke3
60. Bf2+ Ke2 61. Bc5 Bc7 62. hxg4 hxg4 63. Ba7 Bf4 64. Bb6 Be3 65. Bc7 Bf2 66.
Be5 Bh4 67. Bc7 Ke3 68. Bb6+ Ke4 69. Bc7 e5 70. Bb8 Kd4 71. Kf1 e4 72. Ke2 g3
73. Ba7+ Ke5 74. Bb8+ Kf5 75. Kf1 Kg4 76. Kg2 e3 77. Bc7 e2 78. Ba5 Be7 79. Bd2
Bd6 80. Be1 Bf4 81. Ba5 Be3 82. Be1 Bf4 83. Ba5 Bc7 84. Bd2 Bd8 85. Be1 Bh4 86.
Bd2 Bg5 87. Be1 Kf4 88. Bxg3+ Ke3 89. Be1 Bf6 90. Ba5 Bd4 91. Bb4 Bb2 92. Ba5
Bc1 93. Be1 Bd2 94. Bf2+ Ke4 95. Bh4 Be3 96. Be1 Bd4 97. Ba5 Ke3 98. Be1 Bb2
99. Ba5 Bc1 100. Be1 Bd2 101. Bf2+ Kd3 102. Kf3 Bb4 103. Bh4 Kd2 104. Bg3 Kd1
105. Bh4 Be7 106. Bg3 Bg5 107. Bf2 Bd2 108. Bh4 Bc3 109. Bg3 Be1 110. Bc7 Bh4
111. Ba5 Bg5 112. Kf2 Bd2 0-1

[Event "4NCL Division 1 & 2"]
[Site "Daventry, ENG"]
[Date "2022.05.01"]
[Round "8.88"]
[White "Pedersen, Carsten"]
[Black "Khoury, Theo"]
[Result "1-0"]
[WhiteElo "2081"]
[BlackElo "2129"]
[PlyCount "63"]
[EventDate "2022.05.01"]
[WhiteTeam "Celtic Tigers 1"]
[BlackTeam "West is Best 1"]

1. e4 c5 2. Nc3 d6 3. g3 Nc6 4. Bg2 g6 5. d3 Bg7 6. Be3 Rb8 7. a4 e6 8. Nge2
Nd4 9. O-O Ne7 10. Qd2 h5 11. h3 a6 12. Rae1 b5 13. axb5 axb5 14. Nd1 Ba6 15.
c3 Nxe2+ 16. Qxe2 O-O 17. f4 f5 18. Bf2 Re8 19. exf5 Nxf5 20. Bc6 Re7 21. g4
Qb6 22. Be4 hxg4 23. hxg4 d5 24. Bg2 Nd6 25. Bxd5 Rbe8 26. Bg2 e5 27. Qd2 Bh6
28. g5 Bg7 29. b4 Nb7 30. Bd5+ Kh8 31. bxc5 Nxc5 32. Qe3 1-0

[Event "4NCL Division 1 & 2"]
[Site "Daventry, ENG"]
[Date "2022.05.01"]
[Round "8.91"]
[White "Pitcher, John"]
[Black "Cumming, Rhys"]
[Result "1/2-1/2"]
[WhiteElo "2288"]
[BlackElo "2373"]
[PlyCount "31"]
[EventDate "2022.05.01"]
[WhiteTeam "Warwickshire Select 1"]
[BlackTeam "Sussex Martlets 1"]

1. e4 e5 2. Bc4 Nf6 3. d3 c6 4. Nf3 d5 5. Bb3 Bd6 6. exd5 cxd5 7. O-O Nc6 8.
Nc3 Be6 9. Bg5 Bc7 10. Re1 a6 11. Bh4 O-O 12. h3 Re8 13. Ng5 Bf5 14. Nf3 Be6
15. Ng5 Bf5 16. Nf3 1/2-1/2

[Event "4NCL Division 1 & 2"]
[Site "Daventry, ENG"]
[Date "2022.05.01"]
[Round "8.92"]
[White "Kolani, Arjun"]
[Black "Brooks, Phil J"]
[Result "1-0"]
[WhiteElo "2113"]
[BlackElo "2146"]
[PlyCount "93"]
[EventDate "2022.05.01"]
[WhiteTeam "Sussex Martlets 1"]
[BlackTeam "Warwickshire Select 1"]

1. e4 e6 2. d4 d5 3. Nc3 Bb4 4. Nge2 dxe4 5. a3 Bxc3+ 6. Nxc3 Nc6 7. Bb5 Nge7
8. Bg5 f6 9. Be3 O-O 10. Qd2 e5 11. d5 Nd4 12. Bxd4 exd4 13. Qxd4 Nf5 14. Qd2
Nd6 15. Ba4 Bd7 16. Bb3 Kh8 17. O-O-O f5 18. Ne2 Qe7 19. Nf4 Rad8 20. Qc3 Bc8
21. h4 Kg8 22. Kb1 Rf7 23. h5 Qf6 24. Qe3 b6 25. g3 Kf8 26. Ba2 Re8 27. Rd2 a5
28. Rhd1 Rfe7 29. Re1 Re5 30. Ne2 R5e7 31. Nd4 g5 32. hxg6 hxg6 33. Rh1 g5 34.
Nc6 Rg7 35. Qe2 Kf7 36. f4 exf3 37. Qxf3 g4 38. Qd3 Kg6 39. Rdh2 Kf7 40. Bb3
Bd7 41. Rh6 Rg6 42. Rh7+ Rg7 43. R1h6 Qg5 44. Qc3 Nb5 45. d6+ Be6 46. Bxe6+
Rxe6 47. Rxg7+ 1-0

[Event "4NCL Division 1 & 2"]
[Site "Daventry, ENG"]
[Date "2022.05.01"]
[Round "8.93"]
[White "Mason, Donald J"]
[Black "Blake, J Morgan"]
[Result "1-0"]
[WhiteElo "2152"]
[BlackElo "2113"]
[PlyCount "51"]
[EventDate "2022.05.01"]
[WhiteTeam "Warwickshire Select 1"]
[BlackTeam "Sussex Martlets 1"]

1. e4 e5 2. f4 exf4 3. Nf3 Nf6 4. e5 Nh5 5. d4 d6 6. Qe2 d5 7. c4 Bg4 8. cxd5
Qxd5 9. Nc3 Bb4 10. Bd2 Bxc3 11. bxc3 O-O 12. c4 Qd7 13. Qe4 Nc6 14. d5 Bxf3
15. Qxf3 Nd4 16. Qxh5 Nc2+ 17. Kf2 Nxa1 18. Bd3 g6 19. Qd1 b5 20. Qxa1 bxc4 21.
Bxc4 Rab8 22. Qd4 c5 23. Qxf4 Rb2 24. Rc1 Qa4 25. Kg1 Qa3 26. d6 1-0

[Event "4NCL Division 1 & 2"]
[Site "Daventry, ENG"]
[Date "2022.05.01"]
[Round "8.94"]
[White "Willson, Ollie"]
[Black "Paterson, Andrew I"]
[Result "1/2-1/2"]
[WhiteElo "2112"]
[BlackElo "2147"]
[PlyCount "117"]
[EventDate "2022.05.01"]
[WhiteTeam "Sussex Martlets 1"]
[BlackTeam "Warwickshire Select 1"]

1. d4 g6 2. c4 Bg7 3. Nf3 Nf6 4. Nc3 O-O 5. e4 d6 6. h3 e5 7. d5 a5 8. g4 Na6
9. Be3 Nd7 10. Qd2 Ndc5 11. Be2 a4 12. Rg1 c6 13. h4 Kh8 14. h5 gxh5 15. g5 f5
16. gxf6 Bxf6 17. Ng5 Nb4 18. Bxh5 Nbd3+ 19. Kd1 Qe7 20. Be2 Nf4 21. Nf3 Bd7
22. Ne1 Be8 23. Nd3 Ncxd3 24. Bxd3 Bg6 25. Kc2 Bg7 26. Rac1 Qf6 27. Kb1 Rfb8
28. Ne2 cxd5 29. cxd5 Nxd3 30. Qxd3 Qf3 31. Ng3 Bh6 32. Rc7 Rg8 33. Rd1 Bxe3
34. Nf5 Bxf5 35. exf5 Rac8 36. Rxc8 Rxc8 37. fxe3 Rg8 38. Rf1 Qh5 39. Qc4 Qe8
40. f6 Rf8 41. a3 Qd7 42. Qh4 Rf7 43. Qg5 Rf8 44. Rg1 Rc8 45. e4 Qf7 46. Qf5
Rg8 47. Rxg8+ Kxg8 48. Qc8+ Qf8 49. Qe6+ Kh8 50. Kc2 h5 51. Kd3 b5 52. Ke2 Qg8
53. Kf3 Qg5 54. Qe8+ Kh7 55. Qe7+ Kh8 56. Qf8+ Kh7 57. Qf7+ Kh8 58. Qe8+ Kh7
59. Qe7+ 1/2-1/2

[Event "4NCL Division 1 & 2"]
[Site "Daventry, ENG"]
[Date "2022.05.01"]
[Round "8.95"]
[White "Shephard, Chris C W"]
[Black "Graham, David B"]
[Result "1/2-1/2"]
[WhiteElo "2203"]
[BlackElo "2115"]
[PlyCount "51"]
[EventDate "2022.05.01"]
[WhiteTeam "Warwickshire Select 1"]
[BlackTeam "Sussex Martlets 1"]

1. c4 c5 2. Nf3 Nf6 3. d4 cxd4 4. Nxd4 g6 5. Nc3 Bg7 6. e4 d6 7. Be2 O-O 8. Be3
Nc6 9. O-O Bd7 10. Qd2 Nxd4 11. Bxd4 Bc6 12. f3 Nd7 13. Be3 a5 14. Rac1 a4 15.
Rc2 Nc5 16. Rb1 Qa5 17. Bf1 Rfc8 18. Qf2 Qb4 19. Bd2 Qb6 20. b4 axb3 21. axb3
Ra3 22. b4 Na4 23. Be3 Qd8 24. Nd1 Nc3 25. Nxc3 Bxc3 26. Bc1 1/2-1/2

[Event "4NCL Division 1 & 2"]
[Site "Daventry, ENG"]
[Date "2022.05.01"]
[Round "8.96"]
[White "Payne, Matthew J"]
[Black "Page, Mark E"]
[Result "1-0"]
[WhiteElo "2151"]
[BlackElo "2116"]
[PlyCount "57"]
[EventDate "2022.05.01"]
[WhiteTeam "Sussex Martlets 1"]
[BlackTeam "Warwickshire Select 1"]

1. e4 c5 2. Nf3 d6 3. d4 cxd4 4. Qxd4 Nc6 5. Bb5 Bd7 6. Bxc6 Bxc6 7. Nc3 Nf6 8.
Bg5 e6 9. O-O-O Be7 10. Rhe1 O-O 11. Kb1 Qc7 12. Qd2 Rac8 13. Nd4 Rfd8 14. f4
h6 15. h4 d5 16. Bxf6 Bxf6 17. e5 Be7 18. Re3 b5 19. Rh1 b4 20. Nce2 Bf8 21. g4
Re8 22. g5 h5 23. g6 fxg6 24. Rg3 Qf7 25. Qd3 Re7 26. Rxg6 Be8 27. Rhg1 Kh8 28.
R1g5 Kg8 29. Rf6 1-0

[Event "4NCL Division 1 & 2"]
[Site "Daventry, ENG"]
[Date "2022.05.01"]
[Round "8.97"]
[White "Shearsby, Jude"]
[Black "Graham, Cassie M"]
[Result "1-0"]
[WhiteElo "2053"]
[BlackElo "1976"]
[PlyCount "113"]
[EventDate "2022.05.01"]
[WhiteTeam "Warwickshire Select 1"]
[BlackTeam "Sussex Martlets 1"]

1. e4 c5 2. Nf3 d6 3. c3 Nf6 4. h3 g6 5. Bd3 Bg7 6. Bc2 O-O 7. O-O Nc6 8. d4
cxd4 9. cxd4 b5 10. Bd2 a5 11. Qc1 Qb6 12. d5 Nd4 13. Nxd4 Qxd4 14. Be3 Qc4 15.
Nd2 Qc7 16. Bd3 Qb8 17. Nf3 Ba6 18. Nd4 b4 19. Bxa6 Rxa6 20. Qc4 Ra8 21. Rac1
Re8 22. f3 Nd7 23. Qc7 Ne5 24. Rfd1 Qxc7 25. Rxc7 Rac8 26. Rdc1 Rxc7 27. Rxc7
Bf6 28. b3 Ra8 29. f4 Nd3 30. Nc6 Kf8 31. Kf1 a4 32. Ke2 axb3 33. axb3 Nc5 34.
Bxc5 dxc5 35. Ra7 Rc8 36. Kd3 e6 37. Rb7 exd5 38. exd5 Ra8 39. Kc4 Ra2 40. Rb8+
Kg7 41. Kxc5 Rc2+ 42. Kxb4 Rxg2 43. Kc5 Rc2+ 44. Kd6 g5 45. Rb4 gxf4 46. Rxf4
Rc3 47. b4 Rxh3 48. b5 Rb3 49. Rb4 Rxb4 50. Nxb4 Bd4 51. Kc7 h5 52. d6 h4 53.
d7 Bf6 54. Nd3 h3 55. d8=Q Bxd8+ 56. Kxd8 h2 57. Nf2 1-0

[Event "4NCL Division 1 & 2"]
[Site "Daventry, ENG"]
[Date "2022.05.01"]
[Round "8.98"]
[White "Grant, David J"]
[Black "Green, Anthony J"]
[Result "1-0"]
[WhiteElo "2072"]
[BlackElo "1948"]
[PlyCount "49"]
[EventDate "2022.05.01"]
[WhiteTeam "Sussex Martlets 1"]
[BlackTeam "Warwickshire Select 1"]

1. e4 d6 2. d4 Nf6 3. Nc3 Nbd7 4. Nf3 e5 5. Rg1 c6 6. g4 h6 7. h4 exd4 8. Nxd4
Ne5 9. g5 hxg5 10. hxg5 Nfg4 11. f4 Qb6 12. Be2 Rh2 13. fxe5 dxe5 14. Bxg4 exd4
15. Bxc8 Rxc8 16. Bf4 dxc3 17. Bxh2 cxb2 18. Rb1 Rd8 19. Qf3 Qa5+ 20. Kf1 Qxa2
21. Kg2 Rd2+ 22. Kh1 Bc5 23. Rgf1 Rf2 24. Qb3 Rxf1+ 25. Rxf1 1-0

[Event "4NCL Division 1 & 2"]
[Site "Daventry, ENG"]
[Date "2022.05.01"]
[Round "8.101"]
[White "Taylor, Adam A"]
[Black "Emerson, Roger"]
[Result "1-0"]
[WhiteElo "2275"]
[BlackElo "2163"]
[PlyCount "61"]
[EventDate "2022.05.01"]
[WhiteTeam "North East England"]
[BlackTeam "Guildford Castles"]

1. Nf3 Nf6 2. g3 g6 3. Bg2 Bg7 4. O-O O-O 5. d4 d5 6. Bf4 Nbd7 7. Nbd2 Nh5 8.
Bg5 f6 9. Be3 e5 10. c4 e4 11. g4 f5 12. Bg5 Nhf6 13. Ne5 h6 14. Bxf6 Qxf6 15.
f4 Nxe5 16. dxe5 Qb6+ 17. Kh1 d4 18. gxf5 gxf5 19. c5 Qxb2 20. Rb1 Qxa2 21. Nb3
Rd8 22. Nxd4 Qd5 23. e3 Qf7 24. Rg1 Kh8 25. Bh3 c6 26. Rb2 Be6 27. Rbg2 Bf8 28.
Rg6 Rxd4 29. Qxd4 Kh7 30. Rf6 Qe7 31. Qd1 1-0